| 000 | 00731nam a22002417a 4500 | ||
|---|---|---|---|
| 003 | UA-OsUOA | ||
| 001 | 46332 | ||
| 007 | ta | ||
| 008 | 20070613b un ||||| |||| 00| 0 ukr d | ||
| 100 | _aБанько В.Г. | ||
| 090 |
_a164:65.012.34(075.8) _bБ23 |
||
| 942 | _cBK | ||
| 040 |
_aUA-OsUOA _bukr _cUA-OsUOA _dUA-OsUOA |
||
| 245 |
_aЛогістика _bНавч. пос. |
||
| 300 | _a332 с. | ||
| 955 | _a2 | ||
| 041 | _aukr | ||
| 080 | _a164:65.012.34(075.8) | ||
| 020 | _a978-966-373-242-8 | ||
| 260 |
_aК. _bКНТ _c2007 |
||
| 650 | 7 |
_a65 Управління підприємствами. Організація виробництва, торговлі та засоби зв'язку _2UDC |
|
| 999 |
_c332426 _d332426 |
||